[Event "AUTO-OPEN-4615"]
[Site "http://www.queenalice.com/game.php?id=1863207"]
[Date "2025.9.19"]
[Round "1"]
[White "maurice916"]
[Black "delphicoracle"]
[Result "0-1"]
[WhiteElo "1825"]
[BlackElo "2694"]

1. Nf3 e6 2. b3 b6 3. Bb2 Bb7 4. e3 c5 5. Be2 Nf6 6. O-O Be7 7. c4 O-O 8. d4 d6
9. Nbd2 Nbd7 10. Re1 Rc8 11. Rc1 d5 12. cxd5 exd5 13. Bf1 Bd6 14. Bd3 Qe7 15. e4
dxe4 16. Nxe4 Nxe4 17. Bxe4 Bxe4 18. Nd2 f5 19. f3 Qh4 20. g3 Qg5 21. fxe4 Bxg3
22. hxg3 Qxg3+ 23. Kh1 Qh4+ 24. Kg1 Qg5+ 25. Kh1 Rc6 26. Re2 Rh6+ 27. Rh2 Rxh2+
28. Kxh2 Rf6 29. Rc3 Qf4+ 30. Rg3 Qf2+ 31. Rg2 Rh6+ 0-1

[Event "AUTO-OPEN-4597"]
[Site "http://www.queenalice.com/game.php?id=1863279"]
[Date "2025.9.21"]
[Round "2"]
[White "delphicoracle"]
[Black "Zero007"]
[Result "1-0"]
[WhiteElo "2703"]
[BlackElo "2030"]

1. Nc3 d5 2. d4 Nf6 3. Bf4 Bf5 4. f3 e6 5. g4 Bg6 6. h4 h5 7. g5 Nfd7 8. e3 c5
9. Nb5 Na6 10. c3 cxd4 11. exd4 Be7 12. Nh3 O-O 13. Bg3 Qc8 14. Nf4 1-0

[Event "AUTO-OPEN-4597"]
[Site "http://www.queenalice.com/game.php?id=1863280"]
[Date "2025.9.21"]
[Round "2"]
[White "Zero007"]
[Black "delphicoracle"]
[Result "0-1"]
[WhiteElo "2076"]
[BlackElo "2699"]

1. e4 e6 2. d4 d5 3. Nd2 c5 4. Ngf3 Nc6 5. exd5 exd5 6. Bb5 Qe7+ 7. Qe2 Qxe2+ 8.
Kxe2 a6 9. Bxc6+ bxc6 10. Re1 f6 11. Kf1+ Kf7 12. c3 a5 13. Kg1 Be6 14. dxc5
Bxc5 15. Nf1 Ne7 16. Be3 Bd6 17. Nd4 Bd7 18. Nb3 Rhe8 19. Bc5 Bc7 20. Nd4 Nf5
21. b3 Nxd4 22. cxd4 Rab8 23. Nd2 Bf4 24. Nf3 Bg4 25. Rxe8 Rxe8 26. Re1 Rxe1+
27. Nxe1 Be2 28. g3 Bd2 29. Ng2 Bd3 30. a3 Bc2 31. b4 a4 32. Ne3 Be4 0-1

[Event "AUTO-OPEN-4589"]
[Site "http://www.queenalice.com/game.php?id=1864317"]
[Date "2025.10.15"]
[Round "2"]
[White "IranSilva"]
[Black "delphicoracle"]
[Result "0-1"]
[WhiteElo "2219"]
[BlackElo "2698"]

1. Nf3 e6 2. g3 b5 3. Bg2 Bb7 4. O-O c5 5. a4 b4 6. b3 Be7 7. Bb2 Nf6 8. d4 O-O
9. Nbd2 d5 10. dxc5 Bxc5 11. Ne5 a5 12. Ndf3 Nbd7 13. Nd3 Be7 14. Nd4 Qb6 15.
Nf3 Rac8 16. Rc1 Ne4 17. Nde5 Nxe5 18. Nxe5 Rfd8 19. e3 Nc3 20. Bxc3 Rxc3 21.
Qf3 f6 22. Nd3 e5 23. Qg4 g6 24. h4 f5 25. Qd1 Bf6 26. h5 e4 27. Nf4 d4 28. hxg6
hxg6 29. Nxg6 dxe3 30. Qh5 exf2+ 31. Kh2 Qe3 32. Qxf5 Qxg3+ 33. Kh1 Rd5 34. Qe6+
Kg7 35. Nf4 Qxf4 36. Rxf2 Rh5+ 37. Kg1 Qxc1+ 38. Bf1 Rg3+ 0-1

[Event "AUTO-OPEN-4589"]
[Site "http://www.queenalice.com/game.php?id=1864318"]
[Date "2025.10.15"]
[Round "2"]
[White "delphicoracle"]
[Black "IranSilva"]
[Result "1-0"]
[WhiteElo "2706"]
[BlackElo "2265"]

1. e4 e5 2. Nf3 Nc6 3. Bb5 a6 4. Ba4 b5 5. Bb3 Na5 6. O-O d6 7. d4 Qe7 8. Nbd2
Bb7 9. a4 Nxb3 10. Nxb3 Bxe4 11. Re1 f5 12. axb5 Nf6 13. Rxa6 Qd8 14. Qe2 Bxf3
15. Qxf3 Rxa6 16. bxa6 Qc8 17. Qc6+ Kd8 18. a7 1-0

[Event "Let's Play Chess!"]
[Site "http://www.queenalice.com/game.php?id=1866667"]
[Date "2025.12.7"]
[Round "-"]
[White "alow_proton"]
[Black "delphicoracle"]
[Result "0-1"]
[WhiteElo "2014"]
[BlackElo "2686"]

1. e4 d5 2. exd5 Qxd5 3. Nc3 Qa5 4. a3 c6 5. d4 Nf6 6. h3 Bf5 7. b4 Qc7 8. Bb2
e6 9. Bd3 Bxd3 10. Qxd3 Bd6 11. Nge2 Nbd7 12. O-O O-O 13. f4 b5 14. Ne4 Nxe4 15.
Qxe4 Nf6 16. Qe3 a5 17. bxa5 Nd5 18. Qd2 Rxa5 19. g3 Rfa8 20. c3 Bxa3 21. Bxa3
Rxa3 22. Rxa3 Rxa3 23. Rc1 Qa5 24. Kf2 g6 25. Ke1 b4 26. cxb4 Nxb4 27. Rd1 Rd3
28. Qb2 Qd5 29. Qb1 Qh1+ 0-1

[Event "Let's Play Chess!"]
[Site "http://www.queenalice.com/game.php?id=1866668"]
[Date "2025.12.8"]
[Round "-"]
[White "delphicoracle"]
[Black "alow_proton"]
[Result "1-0"]
[WhiteElo "2685"]
[BlackElo "2022"]

1. d4 d5 2. Nf3 e6 3. e3 c5 4. b3 Nc6 5. Bb2 Nf6 6. Bd3 Nb4 7. Be2 Be7 8. dxc5
Bxc5 9. O-O O-O 10. Nbd2 a6 11. Ne5 Nd7 12. Nd3 Bd6 13. Nf3 Qc7 14. c4 dxc4 15.
Nxb4 Bxb4 16. Bxc4 b5 17. Bxe6 fxe6 18. Qd4 e5 19. Qxb4 Bb7 20. Rac1 Qb8 21.
Rfd1 Bxf3 22. Rxd7 Bh5 23. Rcc7 Rf7 24. Qd2 Qe8 25. Qd5 Rb8 26. Bxe5 Bg6 27. f4
Kf8 28. Bd6+ Kg8 29. Re7 Qd8 30. Rxf7 1-0

[Event "AUTO-OPEN-4629"]
[Site "http://www.queenalice.com/game.php?id=1866794"]
[Date "2025.12.9"]
[Round "1"]
[White "delphicoracle"]
[Black "bmax"]
[Result "1-0"]
[WhiteElo "2689"]
[BlackElo "2265"]

1. d4 d5 2. Nc3 c6 3. Bf4 Bf5 4. f3 Nf6 5. g4 Bg6 6. h4 h5 7. g5 Nfd7 8. e4 e6
9. Bd3 Bb4 10. Ne2 O-O 11. Bg3 dxe4 12. Bxe4 Bxe4 13. fxe4 Qb6 14. O-O Bxc3 15.
bxc3 c5 16. Rb1 Qa6 17. Nf4 Nc6 18. Nxh5 cxd4 19. cxd4 Rad8 20. Nf6+ Nxf6 21.
gxf6 Nxd4 22. Qh5 Ne2+ 23. Kg2 Nxg3 24. Kxg3 1-0

[Event "AUTO-OPEN-4629"]
[Site "http://www.queenalice.com/game.php?id=1866795"]
[Date "2025.12.9"]
[Round "1"]
[White "bmax"]
[Black "delphicoracle"]
[Result "0-1"]
[WhiteElo "2264"]
[BlackElo "2668"]

1. d4 Nf6 2. Nf3 g6 3. e3 Bg7 4. Be2 O-O 5. b3 c5 6. Bb2 cxd4 7. Nxd4 d5 8. O-O
Re8 9. Nd2 e5 10. N4f3 Nc6 11. Re1 Bf5 12. Nh4 Be6 13. c4 e4 14. Rc1 Ng4 15.
Bxg7 Qxh4 16. Bxg4 Bxg4 17. Qc2 Bf3 18. gxf3 exf3 19. Nxf3 Qg4+ 20. Kh1 Qxf3+
0-1

[Event "AUTO-OPEN-4629"]
[Site "http://www.queenalice.com/game.php?id=1866796"]
[Date "2025.12.9"]
[Round "1"]
[White "delphicoracle"]
[Black "ChessColossos"]
[Result "1-0"]
[WhiteElo "2688"]
[BlackElo "1654"]

1. d4 e6 2. Bf4 d5 3. e3 Bd6 4. Bxd6 Qxd6 5. Qg4 g6 6. Nd2 Nf6 7. Qh4 Qe7 8. f4
Nc6 9. O-O-O Ne4 10. Qe1 Nxd2 11. Rxd2 O-O 12. Nf3 a5 13. Kb1 a4 14. a3 Na5 15.
h4 h5 16. Ne5 Nc6 17. g4 Nxe5 18. dxe5 b6 19. gxh5 Kg7 20. hxg6 fxg6 21. h5 Rh8
22. Rg2 Rh6 23. Rxg6+ Rxg6 24. hxg6 Kxg6 25. Qg3+ 1-0

[Event "AUTO-OPEN-4629"]
[Site "http://www.queenalice.com/game.php?id=1866797"]
[Date "2025.12.9"]
[Round "1"]
[White "ChessColossos"]
[Black "delphicoracle"]
[Result "0-1"]
[WhiteElo "1581"]
[BlackElo "2687"]

1. e4 e6 2. d4 d5 3. Nc3 Bb4 4. Ne2 Nf6 5. Bg5 dxe4 6. a3 Be7 7. Bxf6 gxf6 8.
Nxe4 f5 9. N4c3 Nd7 10. Qd2 Nf6 11. O-O-O c6 12. f3 b5 13. Na2 a5 14. c3 Nd5 15.
Nf4 Nxf4 16. Qxf4 Bg5 0-1

[Event "AUTO-OPEN-4629"]
[Site "http://www.queenalice.com/game.php?id=1866798"]
[Date "2025.12.9"]
[Round "1"]
[White "delphicoracle"]
[Black "Magnaroc"]
[Result "1-0"]
[WhiteElo "2656"]
[BlackElo "1840"]

1. e4 e5 2. Nf3 Nc6 3. Bb5 a6 4. Ba4 Nf6 5. d4 exd4 6. O-O Be7 7. e5 Ne4 8. Nxd4
O-O 9. Nf5 d5 10. Nxe7+ Nxe7 11. c3 Nc5 12. Bc2 Bf5 13. Nd2 Bxc2 14. Qxc2 Nc6
15. Nf3 h6 16. Be3 Ne6 17. Rad1 Ne7 18. Nd4 Nxd4 19. Bxd4 b6 20. b4 Nc6 21. f4
Nxd4 22. cxd4 Rc8 23. Qc3 c5 24. dxc5 bxc5 25. bxc5 1-0

[Event "AUTO-OPEN-4629"]
[Site "http://www.queenalice.com/game.php?id=1866799"]
[Date "2025.12.9"]
[Round "1"]
[White "Magnaroc"]
[Black "delphicoracle"]
[Result "0-1"]
[WhiteElo "1645"]
[BlackElo "2667"]

1. e4 d5 2. exd5 Qxd5 3. Nc3 Qa5 4. Nf3 Nf6 5. Be2 c6 6. O-O Bg4 7. h3 Bh5 8. d4
e6 9. Ne5 Bxe2 10. Nxe2 Be7 11. Qd2 Qc7 12. Re1 O-O 13. b3 Nbd7 14. Nxd7 Qxd7
15. Bb2 Rfd8 16. Qe3 Rab8 17. a4 Nd5 18. Qf3 Nb4 19. Rec1 Bg5 20. c3 Bxc1 21.
Rxc1 Na6 22. Ba3 Rbc8 23. Ng3 c5 24. dxc5 Nxc5 25. Bxc5 Rxc5 26. c4 Qd2 27. Qc3
Rcc8 28. Ne4 Qxc3 29. Rxc3 Rd1+ 30. Kh2 f5 31. Ng5 e5 32. Nf3 Re8 33. Ng1 Rd2
34. f3 Red8 35. Ne2 Rxe2 36. Re3 Rxe3 0-1

[Event "AUTO-OPEN-4633"]
[Site "http://www.queenalice.com/game.php?id=1867779"]
[Date "2026.1.9"]
[Round "1"]
[White "Fredo"]
[Black "delphicoracle"]
[Result "0-1"]
[WhiteElo "2110"]
[BlackElo "2658"]

1. c4 f5 2. Nc3 Nf6 3. Nf3 g6 4. d4 Bg7 5. Bf4 d6 6. Qc2 O-O 7. e4 fxe4 8. Nxe4
Nxe4 9. Qxe4 Nc6 10. c5 d5 11. Qe3 Nxd4 12. Nxd4 e5 13. Bxe5 Bxe5 14. Be2 Re8
15. Qd2 Qf6 16. Rd1 c6 17. O-O Bxd4 0-1

[Event "AUTO-OPEN-4633"]
[Site "http://www.queenalice.com/game.php?id=1867780"]
[Date "2026.1.9"]
[Round "1"]
[White "delphicoracle"]
[Black "Fredo"]
[Result "1-0"]
[WhiteElo "2660"]
[BlackElo "2103"]

1. e4 c5 2. Nf3 d6 3. Bb5+ Bd7 4. c4 Nf6 5. Nc3 g6 6. O-O Bg7 7. d4 O-O 8. e5
Ng4 9. exd6 e6 10. dxc5 a6 11. Bxd7 Bxc3 12. Bxe6 Bb4 13. Bxg4 Bxc5 14. Bf4 Nd7
15. Qd5 b6 16. Bxd7 Qxd7 17. Rad1 Rad8 18. Ng5 h6 19. Ne4 1-0

[Event "AUTO-OPEN-4583"]
[Site "http://www.queenalice.com/game.php?id=1867963"]
[Date "2026.1.15"]
[Round "3"]
[White "delphicoracle"]
[Black "josebaron"]
[Result "1-0"]
[WhiteElo "2657"]
[BlackElo "2173"]

1. e4 e5 2. Nc3 Nf6 3. f4 exf4 4. e5 Ng8 5. Nf3 d6 6. d4 dxe5 7. Qe2 Nc6 8. Bxf4
Bg4 9. d5 Bxf3 10. gxf3 Nf6 11. dxc6 bxc6 12. Qxe5+ Qe7 13. O-O-O Qxe5 14. Bxe5
Be7 15. Bxc7 O-O 16. Ba6 1-0

[Event "AUTO-OPEN-4583"]
[Site "http://www.queenalice.com/game.php?id=1867964"]
[Date "2026.1.15"]
[Round "3"]
[White "josebaron"]
[Black "delphicoracle"]
[Result "0-1"]
[WhiteElo "2170"]
[BlackElo "2659"]

1. e4 Nf6 2. Nc3 d5 3. exd5 Nxd5 4. Nxd5 Qxd5 5. Nf3 Nc6 6. d4 Bg4 7. c4 Qd6 8.
Be2 Bxf3 9. Bxf3 Nxd4 10. O-O c6 11. Be3 e5 12. Bxd4 exd4 13. Re1+ Be7 14. Qe2
Rd8 15. Rad1 Rd7 16. Qd3 O-O 17. a3 Bf6 18. b4 Re7 19. Rxe7 Qxe7 20. c5 Re8 21.
h3 g6 22. a4 a5 23. bxa5 Ra8 24. a6 Rxa6 25. Qc4 Ra5 0-1